Statistics for Pokémon with King in Their Name

Click here to take the quiz!

General Stats

  • This quiz has been taken 16,764 times
    (10,185 since last reset)
  • The average score is 4 of 7

Answer Stats

TypeAnswer% Correct
Dragon / WaterKingdra
76%
Ground / PoisonNidoking
70%
Psychic / WaterSlowking
70%
WaterSeaking
67%
WaterKingler
61%
NormalSlaking
58%
Dark / SteelKingambit
42%

Score Distribution

Percentile by Number Answered

Percent of People with Each Score

Your Score History

You have not taken this quiz since the last reset